000
00307nam a22001217a 4500
020
_a
9788123918464
082
_2
22
_a
005.2
100
_a
Prasanalakshmi, B.
245
_a
Computer operating system /
260
_a
New Delhi,
_b
CBS Publisher,
_c
c2010.
300
_a
xv, 388p. ;
_b
ill. ;
_c
24 cm.
942
_2
ddc
_c
IT
999
_c
1188
_d
1188